[Event "MESRRK"]
[Site "?"]
[Date "2018.05.27"]
[Round "7.17"]
[White "Jura, Michal"]
[Black "Gabor, Mariya"]
[Result "1-0"]
[BlackElo "1266"]
[WhiteElo "1264"]
[LiveChessVersion "1.4.8"]

1. e4 {[%clk 0:20:12]} e5 {[%clk 0:20:19]} 2. f4 {[%clk 0:20:20]} d5
{[%clk 0:20:28]} 3. Nc3 {[%clk 0:20:24]} exf4 {[%clk 0:20:11]} 4. Nf3
{[%clk 0:20:31]} Bg4 {[%clk 0:20:16]} 5. Nxd5 {[%clk 0:20:12]} Bxf3
{[%clk 0:20:00]} 6. Qxf3 {[%clk 0:20:19]} Qh4+ {[%clk 0:19:32]} 7. Qf2
{[%clk 0:20:06]} Qxf2+ {[%clk 0:19:25]} 8. Kxf2 {[%clk 0:20:15]} Bd6
{[%clk 0:19:27]} 9. d4 {[%clk 0:20:21]} g5 {[%clk 0:18:54]} 10. e5
{[%clk 0:20:27]} c6 {[%clk 0:18:41]} 11. Nxf4 {[%clk 0:20:01]} Be7
{[%clk 0:16:11]} 12. Ne2 {[%clk 0:19:38]} Nd7 {[%clk 0:14:44]} 13. Ng3
{[%clk 0:19:38]} c5 {[%clk 0:12:33]} 14. c3 {[%clk 0:19:30]} cxd4
{[%clk 0:11:22]} 15. cxd4 {[%clk 0:19:38]} h6 {[%clk 0:11:09]} 16. Bd2
{[%clk 0:19:21]} Rc8 {[%clk 0:09:23]} 17. Bb5 {[%clk 0:19:17]} Rc2
{[%clk 0:08:10]} 18. Ke3 {[%clk 0:18:47]} Rxb2 {[%clk 0:07:53]} 19. Rhb1
{[%clk 0:18:48]} Rxb1 {[%clk 0:07:25]} 20. Rxb1 {[%clk 0:18:56]} b6
{[%clk 0:06:43]} 21. a4 {[%clk 0:18:20]} g4 {[%clk 0:05:49]} 22. Kf2
{[%clk 0:17:53]} Bf8 {[%clk 0:04:40]} 23. a5 {[%clk 0:17:46]} Kd8
{[%clk 0:04:18]} 24. Bxd7 {[%clk 0:17:49]} Kxd7 {[%clk 0:04:22]} 25. axb6
{[%clk 0:17:57]} axb6 {[%clk 0:04:27]} 26. Rxb6 {[%clk 0:18:03]} Be7
{[%clk 0:04:10]} 27. Nf5 {[%clk 0:17:54]} Ba3 {[%clk 0:03:37]} 28. Nxh6
{[%clk 0:17:35]} Nxh6 {[%clk 0:03:21]} 29. Rxh6 {[%clk 0:17:37]} Rxh6
{[%clk 0:03:11]} 30. Bxh6 {[%clk 0:17:45]} Ke6 {[%clk 0:03:17]} 31. h3
{[%clk 0:17:41]} gxh3 {[%clk 0:03:21]} 32. gxh3 {[%clk 0:17:50]} Bb2
{[%clk 0:03:28]} 33. Be3 {[%clk 0:17:44]} Kd5 {[%clk 0:03:35]} 34. Kf3
{[%clk 0:17:47]} Bxd4 {[%clk 0:03:28]} 35. Bxd4 {[%clk 0:17:55]} Kxd4
{[%clk 0:03:36]} 36. Kf4 {[%clk 0:18:04]} Kd5 {[%clk 0:03:45]} 37. h4
{[%clk 0:18:13]} Ke6 {[%clk 0:03:52]} 38. h5 {[%clk 0:18:20]} Ke7
{[%clk 0:04:02]} 39. Kf5 {[%clk 0:18:28]} Kf8 {[%clk 0:04:10]} 40. h6
{[%clk 0:18:31]} Kg8 {[%clk 0:04:17]} 41. Kf6 {[%clk 0:18:39]} Kh7
{[%clk 0:03:36]} 42. Kxf7 {[%clk 0:18:48]} Kxh6 {[%clk 0:03:45]} 43. e6
{[%clk 0:18:57]} Kg5 {[%clk 0:03:52]} 44. e7 {[%clk 0:19:05]} Kf5
{[%clk 0:04:01]} 45. e8=Q {[%clk 0:19:10]} Kf4 {[%clk 0:04:08]} 46. Kf6
{[%clk 0:19:18]} Kf3 {[%clk 0:04:16]} 47. Qe1 {[%clk 0:19:26]} Kg2
{[%clk 0:04:24]} 48. Qe3 {[%clk 0:19:35]} Kh2 {[%clk 0:04:32]} 49. Qf3
{[%clk 0:19:43]} Kg1 {[%clk 0:04:40]} 50. Qe2 {[%clk 0:19:51]} Kh1
{[%clk 0:04:49]} 51. Kg5 {[%clk 0:19:59]} Kg1 {[%clk 0:04:58]} 52. Kg4
{[%clk 0:20:08]} Kh1 {[%clk 0:05:06]} 53. Kg3 {[%clk 0:20:17]} Kg1
{[%clk 0:05:15]} 54. Qg2# 1-0

[Event "MESRRK"]
[Site "?"]
[Date "2018.05.27"]
[Round "7.18"]
[White "Sahidi, Sear"]
[Black "Cerven, Samuel"]
[Result "1-0"]
[BlackElo "1245"]
[WhiteElo "1129"]
[LiveChessVersion "1.4.8"]

1. e4 {[%clk 0:20:19]} e5 {[%clk 0:20:18]} 2. Nf3 {[%clk 0:20:27]} Nc6
{[%clk 0:20:26]} 3. d4 {[%clk 0:20:34]} exd4 {[%clk 0:20:34]} 4. Nxd4
{[%clk 0:20:41]} Bc5 {[%clk 0:20:42]} 5. Nxc6 {[%clk 0:20:43]} Qf6
{[%clk 0:20:47]} 6. Qe2 {[%clk 0:20:22]} Qxc6 {[%clk 0:20:44]} 7. Nc3
{[%clk 0:20:28]} d6 {[%clk 0:20:43]} 8. Be3 {[%clk 0:20:32]} Bxe3
{[%clk 0:20:19]} 9. Qxe3 {[%clk 0:20:39]} Nf6 {[%clk 0:20:27]} 10. Bb5
{[%clk 0:20:47]} Bd7 {[%clk 0:20:26]} 11. Bxc6 {[%clk 0:20:54]} Bxc6
{[%clk 0:20:35]} 12. O-O {[%clk 0:21:00]} O-O {[%clk 0:20:43]} 13. e5
{[%clk 0:20:50]} dxe5 {[%clk 0:20:51]} 14. Qxe5 {[%clk 0:20:58]} Rac8
{[%clk 0:20:58]} 15. Qc5 {[%clk 0:21:00]} Kh8 {[%clk 0:21:02]} 16. Qxa7
{[%clk 0:20:45]} Rg8 {[%clk 0:21:06]} 17. Qe3 {[%clk 0:20:48]} Nd7
{[%clk 0:21:13]} 18. Rad1 {[%clk 0:20:42]} Rcf8 {[%clk 0:21:20]} 19. Qg3
{[%clk 0:20:41]} g5 {[%clk 0:21:17]} 20. Qxc7 {[%clk 0:20:42]} f5
{[%clk 0:21:26]} 21. Qd6 {[%clk 0:20:25]} f4 {[%clk 0:21:28]} 22. Qd4+
{[%clk 0:20:30]} Nf6 {[%clk 0:21:32]} 23. b4 {[%clk 0:20:05]} Rg7
{[%clk 0:21:27]} 24. a4 {[%clk 0:19:58]} Nh5 {[%clk 0:21:27]} 25. b5
{[%clk 0:20:00]} Be8 {[%clk 0:21:35]} 26. a5 {[%clk 0:19:56]} g4 {[%clk 0:21:41]}
27. Kh1 {[%clk 0:19:37]} g3 {[%clk 0:21:15]} 28. hxg3 {[%clk 0:19:28]} fxg3
{[%clk 0:21:23]} 29. f3 {[%clk 0:19:36]} Nf6 {[%clk 0:21:20]} 30. a6
{[%clk 0:19:34]} bxa6 {[%clk 0:21:10]} 31. bxa6 {[%clk 0:19:41]} Rg6
{[%clk 0:21:19]} 32. Kg1 {[%clk 0:19:31]} Rh6 {[%clk 0:21:27]} 33. a7
{[%clk 0:19:29]} Bc6 {[%clk 0:21:26]} 34. Qb6 {[%clk 0:19:14]} Ba8
{[%clk 0:20:52]} 35. Rd8 {[%clk 0:19:11]} Rg8 {[%clk 0:20:55]} 36. Rxg8+
{[%clk 0:19:16]} Kxg8 {[%clk 0:21:04]} 37. Qd8+ {[%clk 0:19:23]} Kg7
{[%clk 0:21:12]} 38. Qxa8 {[%clk 0:19:31]} Rh2 {[%clk 0:21:12]} 39. Qb7+
{[%clk 0:19:33]} Kg6 {[%clk 0:21:20]} 40. a8=R {[%clk 0:19:35]} Nh5
{[%clk 0:21:23]} 41. Ra6+ {[%clk 0:19:38]} Kg5 {[%clk 0:21:29]} 42. Qb5+
{[%clk 0:19:42]} Kf4 {[%clk 0:21:34]} 43. Re1 {[%clk 0:19:41]} Nf6
{[%clk 0:21:29]} 44. Ra4+ {[%clk 0:19:48]} Ne4 {[%clk 0:21:35]} 45. Raxe4#
{[%clk 0:19:54]} 1-0

[Event "MESRRK"]
[Site "?"]
[Date "2018.05.27"]
[Round "7.19"]
[White "Matusik, Ondrej"]
[Black "Obrocnikova, Barbora"]
[Result "1-0"]
[BlackElo "1121"]
[WhiteElo "1251"]
[LiveChessVersion "1.4.8"]

1. e4 {[%clk 0:20:08]} e5 {[%clk 0:20:10]} 2. Nf3 {[%clk 0:19:55]} Nc6
{[%clk 0:19:53]} 3. Bb5 {[%clk 0:19:40]} Nf6 {[%clk 0:19:23]} 4. O-O
{[%clk 0:19:18]} Nxe4 {[%clk 0:19:16]} 5. Re1 {[%clk 0:19:01]} a6
{[%clk 0:18:56]} 6. Bxc6 {[%clk 0:19:05]} dxc6 {[%clk 0:18:17]} 7. Rxe4
{[%clk 0:19:11]} Qd5 {[%clk 0:18:17]} 8. Re1 {[%clk 0:19:13]} e4 {[%clk 0:18:19]}
9. Nc3 {[%clk 0:19:18]} Qc4 {[%clk 0:17:51]} 10. Rxe4+ {[%clk 0:19:24]} Be6
{[%clk 0:17:55]} 11. Rxc4 {[%clk 0:19:31]} Bxc4 {[%clk 0:18:02]} 12. d3
{[%clk 0:19:39]} Bd5 {[%clk 0:18:09]} 13. Bf4 {[%clk 0:19:40]} Rc8
{[%clk 0:18:13]} 14. Qe2+ {[%clk 0:19:47]} Be7 {[%clk 0:18:21]} 15. Re1
{[%clk 0:19:51]} Be6 {[%clk 0:18:15]} 16. d4 {[%clk 0:19:19]} O-O
{[%clk 0:18:07]} 17. Ng5 {[%clk 0:18:53]} Bxg5 {[%clk 0:17:38]} 18. Bxg5
{[%clk 0:19:02]} h6 {[%clk 0:17:45]} 19. Bf4 {[%clk 0:18:56]} Rfe8
{[%clk 0:17:34]} 20. Qd2 {[%clk 0:18:03]} Re7 {[%clk 0:17:20]} 21. d5
{[%clk 0:17:51]} Rd8 {[%clk 0:16:29]} 22. Qd1 {[%clk 0:15:26]} cxd5
{[%clk 0:16:20]} 23. Nxd5 {[%clk 0:14:43]} Red7 {[%clk 0:15:14]} 24. c4
{[%clk 0:13:53]} c6 {[%clk 0:15:10]} 25. Bc7 {[%clk 0:11:46]} Re8
{[%clk 0:13:36]} 26. Bg3 {[%clk 0:10:10]} cxd5 {[%clk 0:12:30]} 27. cxd5
{[%clk 0:09:56]} Rxd5 {[%clk 0:12:21]} 28. Qc2 {[%clk 0:09:19]} Kf8
{[%clk 0:12:15]} 29. h3 {[%clk 0:07:59]} Bf5 {[%clk 0:11:35]} 30. Rxe8+
{[%clk 0:07:34]} Kxe8 {[%clk 0:11:39]} 31. Qa4+ {[%clk 0:07:26]} Bd7
{[%clk 0:11:30]} 32. Qe4+ {[%clk 0:07:01]} Be6 {[%clk 0:11:33]} 33. Qh7
{[%clk 0:05:58]} Rd1+ {[%clk 0:11:22]} 34. Kh2 {[%clk 0:06:06]} Bxa2
{[%clk 0:11:27]} 35. Qg8+ {[%clk 0:05:51]} Ke7 {[%clk 0:11:31]} 36. Bh4+
{[%clk 0:05:59]} f6 {[%clk 0:11:37]} 37. Qxg7+ {[%clk 0:06:04]} Kd6
{[%clk 0:11:26]} 38. Qxf6+ {[%clk 0:06:11]} Be6 {[%clk 0:11:32]} 39. Bg3+
{[%clk 0:06:17]} Kd5 {[%clk 0:11:36]} 40. Qe5+ {[%clk 0:06:24]} Kc4
{[%clk 0:11:36]} 41. Qxe6+ {[%clk 0:06:33]} Rd5 {[%clk 0:11:40]} 42. b3+
{[%clk 0:06:38]} Kc5 {[%clk 0:11:35]} 43. Qe3+ {[%clk 0:06:38]} Kc6
{[%clk 0:11:42]} 44. Qc3+ {[%clk 0:06:37]} Kd7 {[%clk 0:11:45]} 45. Qc7+
{[%clk 0:06:44]} Ke6 {[%clk 0:11:52]} 46. Qc8+ {[%clk 0:06:48]} Rd7
{[%clk 0:11:48]} 47. f4 {[%clk 0:06:46]} b5 {[%clk 0:11:46]} 48. f5+
{[%clk 0:06:54]} Ke7 {[%clk 0:11:52]} 49. f6+ {[%clk 0:07:02]} Ke6
{[%clk 0:11:52]} 50. f7 {[%clk 0:07:11]} Kxf7 {[%clk 0:11:50]} 51. Qxd7+
{[%clk 0:07:18]} Kf6 {[%clk 0:11:56]} 52. Qd6+ {[%clk 0:07:25]} Kg5
{[%clk 0:12:03]} 53. Bf4+ {[%clk 0:07:33]} Kh4 {[%clk 0:12:11]} 54. g3+
{[%clk 0:07:42]} Kh5 {[%clk 0:12:19]} 55. g4+ {[%clk 0:07:35]} Kh4
{[%clk 0:12:25]} 56. Qf6# {[%clk 0:07:38]} 1-0

[Event "MESRRK"]
[Site "?"]
[Date "2018.05.27"]
[Round "7.20"]
[White "Slosar, Jan"]
[Black "Petrus, Daniel"]
[Result "1/2-1/2"]
[BlackElo "1094"]
[WhiteElo "1241"]
[LiveChessVersion "1.4.8"]

1. d4 {[%clk 0:20:19]} Nf6 {[%clk 0:20:18]} 2. c4 {[%clk 0:20:27]} e6
{[%clk 0:20:26]} 3. Nc3 {[%clk 0:20:35]} Bb4 {[%clk 0:20:35]} 4. Bg5
{[%clk 0:20:40]} h6 {[%clk 0:20:41]} 5. Bxf6 {[%clk 0:20:41]} Qxf6
{[%clk 0:20:49]} 6. Nf3 {[%clk 0:20:47]} Nc6 {[%clk 0:20:51]} 7. a3
{[%clk 0:20:47]} Bxc3+ {[%clk 0:20:49]} 8. bxc3 {[%clk 0:20:56]} Na5
{[%clk 0:20:25]} 9. e4 {[%clk 0:21:04]} Nc6 {[%clk 0:20:17]} 10. Bd3
{[%clk 0:20:57]} d6 {[%clk 0:20:19]} 11. O-O {[%clk 0:20:55]} O-O
{[%clk 0:20:18]} 12. Re1 {[%clk 0:21:04]} Re8 {[%clk 0:20:22]} 13. d5
{[%clk 0:21:13]} Ne5 {[%clk 0:20:17]} 14. Nxe5 {[%clk 0:21:17]} Qxe5
{[%clk 0:20:20]} 15. Qa4 {[%clk 0:21:20]} Rd8 {[%clk 0:19:27]} 16. Rac1
{[%clk 0:21:14]} Bd7 {[%clk 0:19:33]} 17. Qb3 {[%clk 0:21:16]} Rab8
{[%clk 0:18:58]} 18. h3 {[%clk 0:21:23]} Re8 {[%clk 0:19:04]} 19. Re3
{[%clk 0:21:29]} b6 {[%clk 0:18:06]} 20. Rg3 {[%clk 0:21:27]} Qf6
{[%clk 0:16:15]} 21. Re1 {[%clk 0:21:24]} b5 {[%clk 0:15:44]} 22. cxb5
{[%clk 0:21:16]} exd5 {[%clk 0:15:50]} 23. Qc2 {[%clk 0:20:58]} dxe4
{[%clk 0:14:57]} 24. Bxe4 {[%clk 0:21:03]} Bf5 {[%clk 0:14:01]} 25. Rge3
{[%clk 0:21:11]} Bxe4 {[%clk 0:14:01]} 26. Rxe4 {[%clk 0:21:20]} Rxe4
{[%clk 0:14:00]} 27. Rxe4 {[%clk 0:21:27]} Qd8 {[%clk 0:12:42]} 28. Qe2
{[%clk 0:21:21]} Kf8 {[%clk 0:11:30]} 29. Qd3 {[%clk 0:21:09]} Qd7
{[%clk 0:10:32]} 30. Re3 {[%clk 0:21:17]} Qxb5 {[%clk 0:09:50]} 31. Qh7
{[%clk 0:21:05]} Qb1+ {[%clk 0:09:57]} 32. Qxb1 {[%clk 0:21:12]} Rxb1+
{[%clk 0:10:05]} 33. Kh2 {[%clk 0:21:21]} Rb3 {[%clk 0:10:13]} 34. a4
{[%clk 0:21:30]} Ra3 {[%clk 0:10:22]} 35. c4 {[%clk 0:21:02]} Rxa4
{[%clk 0:10:12]} 36. Rc3 Ke7 {[%clk 0:10:11]} 37. c5 {[%clk 0:21:14]} Ra6
{[%clk 0:10:00]} 38. cxd6+ {[%clk 0:21:22]} Kxd6 {[%clk 0:09:53]} 39. Rg3
{[%clk 0:21:22]} g6 {[%clk 0:09:52]} 40. Rf3 {[%clk 0:21:29]} Ke7
{[%clk 0:09:55]} 41. Rc3 {[%clk 0:21:35]} Kd8 {[%clk 0:09:45]} 42. Rd3+
{[%clk 0:21:42]} Ke8 {[%clk 0:09:44]} 43. Re3+ {[%clk 0:21:49]} Kf8
{[%clk 0:09:52]} 44. Rc3 {[%clk 0:21:57]} Rf6 {[%clk 0:09:54]} 45. Rxc7
{[%clk 0:22:04]} Rxf2 {[%clk 0:10:02]} 46. Rxa7 {[%clk 0:22:13]} Kg7
{[%clk 0:10:10]} 47. Kg3 {[%clk 0:22:22]} Rf6 {[%clk 0:10:18]} 48. Ra3
{[%clk 0:22:27]} g5 {[%clk 0:10:25]} 49. Rf3 {[%clk 0:22:32]} Rxf3+
{[%clk 0:10:34]} 50. Kxf3 {[%clk 0:22:41]} Kf6 {[%clk 0:10:42]} 51. g3
{[%clk 0:22:49]} h5 {[%clk 0:10:51]} 52. Ke4 {[%clk 0:22:50]} Kg6
{[%clk 0:10:48]} 53. Ke5 {[%clk 0:22:49]} f6+ {[%clk 0:10:46]} 54. Ke4
{[%clk 0:22:58]} f5+ {[%clk 0:10:55]} 55. Kf3 {[%clk 0:23:07]} g4+
{[%clk 0:11:01]} 56. hxg4 {[%clk 0:23:16]} fxg4+ {[%clk 0:10:55]} 57. Kg2
{[%clk 0:23:20]} Kg5 {[%clk 0:11:04]} 58. Kh2 {[%clk 0:23:28]} Kf6
{[%clk 0:11:04]} 59. Kg2 {[%clk 0:23:37]} Kf5 {[%clk 0:11:13]} 60. Kf2
{[%clk 0:23:47]} Kg5 {[%clk 0:11:22]} 61. Kg2 {[%clk 0:23:56]} Kg6
{[%clk 0:11:26]} 62. Kg1 {[%clk 0:24:01]} Kf5 {[%clk 0:11:23]} 63. Kf2
{[%clk 0:24:08]} Ke4 {[%clk 0:11:30]} 64. Ke2 {[%clk 0:23:23]} Kd4
{[%clk 0:11:34]} 65. Kf2 {[%clk 0:23:32]} Ke5 {[%clk 0:11:42]} 66. Ke3
{[%clk 0:23:41]} Kf5 {[%clk 0:11:51]} 67. Kf2 {[%clk 0:23:49]} Kg5
{[%clk 0:12:00]} 68. Kg2 {[%clk 0:23:57]} Kf6 {[%clk 0:11:53]} 69. Kf2
{[%clk 0:24:00]} Ke5 {[%clk 0:12:02]} 70. Ke3 {[%clk 0:24:09]} Kf5
{[%clk 0:12:04]} 71. Kf2 {[%clk 0:24:18]} Ke4 {[%clk 0:12:09]} 72. Ke2
{[%clk 0:24:27]} Kd4 {[%clk 0:11:40]} 73. Kd2 {[%clk 0:24:31]} Ke5
{[%clk 0:11:33]} 74. Ke3 {[%clk 0:24:39]} Kf5 {[%clk 0:11:43]} 75. Kf2
{[%clk 0:24:48]} Kg5 {[%clk 0:11:52]} 76. Kg2 {[%clk 0:24:57]} h4
{[%clk 0:12:01]} 77. gxh4+ {[%clk 0:25:03]} Kxh4 {[%clk 0:12:09]} 78. Kh2
{[%clk 0:25:12]} g3+ {[%clk 0:12:15]} 79. Kg1 {[%clk 0:25:21]} Kg4
{[%clk 0:12:24]} 80. Kg2 {[%clk 0:25:30]} Kf4 {[%clk 0:12:33]} 81. Kg1
{[%clk 0:25:39]} Kf3 {[%clk 0:12:40]} 82. Kf1 {[%clk 0:25:48]} g2+
{[%clk 0:12:45]} 83. Kg1 {[%clk 0:25:57]} Kg3 {[%clk 0:12:43]} 1/2-1/2

[Event "MESRRK"]
[Site "?"]
[Date "2018.05.27"]
[Round "7.21"]
[White "Svadlenka, Dominik"]
[Black "Finek, Vaclav"]
[Result "0-1"]
[BlackElo "1763"]
[WhiteElo "1322"]
[LiveChessVersion "1.4.8"]

1. d4 {[%clk 0:20:18]} d5 {[%clk 0:20:19]} 2. c4 {[%clk 0:20:27]} c6
{[%clk 0:20:28]} 3. Nf3 {[%clk 0:20:33]} Nf6 {[%clk 0:20:36]} 4. Nc3
{[%clk 0:20:40]} e6 {[%clk 0:20:44]} 5. Bg5 {[%clk 0:20:46]} Be7 {[%clk 0:20:52]}
6. e3 {[%clk 0:20:53]} Nbd7 {[%clk 0:21:01]} 7. Bd3 {[%clk 0:20:58]} O-O
{[%clk 0:21:08]} 8. Qc2 {[%clk 0:21:04]} h6 {[%clk 0:21:14]} 9. Bh4
{[%clk 0:21:10]} a6 {[%clk 0:21:11]} 10. a4 {[%clk 0:21:14]} Rb8 {[%clk 0:20:55]}
11. Bg3 {[%clk 0:21:17]} Ra8 {[%clk 0:20:42]} 12. c5 {[%clk 0:21:06]} b6
{[%clk 0:20:38]} 13. cxb6 {[%clk 0:21:11]} Qxb6 {[%clk 0:20:33]} 14. O-O
{[%clk 0:21:10]} a5 {[%clk 0:20:03]} 15. Rac1 {[%clk 0:21:09]} c5
{[%clk 0:19:36]} 16. Nb5 {[%clk 0:20:55]} c4 {[%clk 0:19:38]} 17. Be2
{[%clk 0:20:40]} Ba6 {[%clk 0:19:35]} 18. Nc7 {[%clk 0:20:12]} Rac8
{[%clk 0:18:36]} 19. Nxa6 {[%clk 0:19:51]} Qxa6 {[%clk 0:18:45]} 20. b3
{[%clk 0:19:55]} cxb3 {[%clk 0:14:02]} 21. Qxc8 {[%clk 0:18:53]} Qxc8
{[%clk 0:13:52]} 22. Rxc8 {[%clk 0:19:00]} Rxc8 {[%clk 0:14:01]} 23. Rb1
{[%clk 0:19:06]} Rc3 {[%clk 0:13:43]} 24. Ne5 {[%clk 0:18:43]} Nxe5
{[%clk 0:13:38]} 25. Bxe5 {[%clk 0:18:50]} Ne4 {[%clk 0:13:22]} 26. Bd1
{[%clk 0:18:16]} b2 {[%clk 0:13:13]} 27. f3 {[%clk 0:17:58]} Rc1 {[%clk 0:12:56]}
28. Rxc1 {[%clk 0:16:58]} bxc1=Q {[%clk 0:12:59]} 29. fxe4 {[%clk 0:17:05]} Qxe3+
{[%clk 0:12:50]} 30. Kf1 {[%clk 0:17:11]} Bb4 {[%clk 0:12:46]} 31. Bg3
{[%clk 0:17:11]} Qxd4 {[%clk 0:12:29]} 32. Be2 {[%clk 0:16:55]} Qa1+
{[%clk 0:12:17]} 33. Kf2 {[%clk 0:16:59]} Bd2 {[%clk 0:12:08]} 34. exd5
{[%clk 0:16:53]} e5 {[%clk 0:11:18]} 35. Bb5 {[%clk 0:16:27]} e4 {[%clk 0:10:54]}
36. Ke2 {[%clk 0:16:34]} Bg5 {[%clk 0:10:25]} 37. d6 {[%clk 0:16:34]} Qb2+
{[%clk 0:09:26]} 38. Kf1 {[%clk 0:16:30]} Qc1+ {[%clk 0:09:29]} 39. Ke2
{[%clk 0:16:26]} Qd2+ {[%clk 0:09:37]} 40. Kf1 {[%clk 0:16:34]} e3
{[%clk 0:09:19]} 41. d7 {[%clk 0:16:33]} e2+ {[%clk 0:08:49]} 42. Bxe2
{[%clk 0:16:39]} Qxd7 {[%clk 0:08:57]} 43. Bb5 {[%clk 0:16:48]} Qd2
{[%clk 0:08:55]} 44. Be1 {[%clk 0:16:48]} Qd1 {[%clk 0:08:33]} 45. Kf2
{[%clk 0:16:30]} Bd8 {[%clk 0:08:30]} 46. Be8 {[%clk 0:15:51]} Bb6+
{[%clk 0:08:31]} 47. Kf1 {[%clk 0:15:54]} Qd3# {[%clk 0:08:31]} 0-1

[Event "MESRRK"]
[Site "?"]
[Date "2018.05.27"]
[Round "7.22"]
[White "Pylypenko, Radomyr"]
[Black "Meszaros, Casey Ryan"]
[Result "1-0"]
[BlackElo "1191"]
[WhiteElo "1422"]
[LiveChessVersion "1.4.8"]

1. e4 {[%clk 0:19:11]} e5 {[%clk 0:20:19]} 2. Nf3 {[%clk 0:19:20]} Nc6
{[%clk 0:20:26]} 3. d4 {[%clk 0:19:28]} exd4 {[%clk 0:20:32]} 4. Nxd4
{[%clk 0:19:37]} Bc5 {[%clk 0:20:39]} 5. Be3 {[%clk 0:19:46]} Qf6
{[%clk 0:20:42]} 6. Nxc6 {[%clk 0:19:52]} Qxc6 {[%clk 0:20:31]} 7. Bxc5
{[%clk 0:19:58]} Qxc5 {[%clk 0:20:37]} 8. Nc3 {[%clk 0:20:04]} Nf6
{[%clk 0:20:26]} 9. Bd3 {[%clk 0:20:07]} O-O {[%clk 0:20:00]} 10. O-O
{[%clk 0:20:11]} d5 {[%clk 0:19:40]} 11. exd5 {[%clk 0:20:10]} g6
{[%clk 0:18:50]} 12. Qf3 {[%clk 0:20:11]} Nd7 {[%clk 0:18:24]} 13. Rad1
{[%clk 0:19:52]} Nb6 {[%clk 0:18:09]} 14. Rfe1 {[%clk 0:19:19]} Rd8
{[%clk 0:17:44]} 15. Qf6 {[%clk 0:18:34]} Qf8 {[%clk 0:17:12]} 16. Be4
{[%clk 0:17:55]} Bd7 {[%clk 0:14:48]} 17. Re3 {[%clk 0:16:44]} Qg7
{[%clk 0:13:58]} 18. Qxg7+ {[%clk 0:16:35]} Kxg7 {[%clk 0:14:04]} 19. b3
{[%clk 0:14:43]} Be8 {[%clk 0:12:36]} 20. f4 {[%clk 0:13:54]} a6 {[%clk 0:12:26]}
21. f5 {[%clk 0:13:19]} g5 {[%clk 0:11:47]} 22. Rg3 {[%clk 0:13:24]} f6
{[%clk 0:11:40]} 23. h4 {[%clk 0:13:27]} h6 {[%clk 0:11:40]} 24. hxg5
{[%clk 0:12:23]} hxg5 {[%clk 0:11:25]} 25. Ne2 {[%clk 0:12:16]} c6
{[%clk 0:09:53]} 26. Nf4 {[%clk 0:12:21]} Kg8 {[%clk 0:09:26]} 27. c4
{[%clk 0:12:15]} Kf7 {[%clk 0:08:42]} 28. Ne6 {[%clk 0:11:54]} Rd7
{[%clk 0:08:34]} 29. Nc5 {[%clk 0:11:32]} Rc7 {[%clk 0:08:14]} 30. d6
{[%clk 0:11:29]} Rcc8 {[%clk 0:08:05]} 31. Nxb7 {[%clk 0:11:30]} Rcb8
{[%clk 0:07:35]} 32. Na5 {[%clk 0:11:14]} Rc8 {[%clk 0:07:16]} 33. Nb7
{[%clk 0:11:08]} Rcb8 {[%clk 0:07:10]} 34. Nc5 {[%clk 0:11:16]} Rd8
{[%clk 0:07:07]} 35. Ne6 {[%clk 0:10:26]} Rdb8 {[%clk 0:07:00]} 36. Nc5
{[%clk 0:10:28]} Rd8 {[%clk 0:07:03]} 37. Rgd3 {[%clk 0:09:49]} Ra7
{[%clk 0:07:05]} 38. Ne6 {[%clk 0:09:17]} Rdd7 {[%clk 0:07:00]} 39. Bxc6
{[%clk 0:09:23]} Rxd6 {[%clk 0:06:45]} 40. Bxe8+ {[%clk 0:09:28]} Kxe8
{[%clk 0:06:51]} 41. Rxd6 {[%clk 0:09:36]} Na8 {[%clk 0:06:37]} 42. Ng7+
{[%clk 0:09:25]} Kf8 {[%clk 0:06:31]} 43. Nh5 {[%clk 0:09:15]} Ke7
{[%clk 0:06:22]} 44. Re6+ {[%clk 0:09:16]} Kf7 {[%clk 0:06:24]} 45. Rxf6+
{[%clk 0:09:24]} Ke7 {[%clk 0:06:29]} 46. Re1+ {[%clk 0:09:29]} Kd7
{[%clk 0:06:35]} 47. Rf7+ {[%clk 0:09:38]} Kc6 {[%clk 0:06:42]} 48. Rxa7
{[%clk 0:09:42]} Nc7 {[%clk 0:06:46]} 49. f6 {[%clk 0:09:47]} 1-0

[Event "MESRRK"]
[Site "?"]
[Date "2018.05.27"]
[Round "7.25"]
[White "Hudak, Michal"]
[Black "Dolnik, Michal"]
[Result "0-1"]
[BlackElo "1036"]
[WhiteElo "1056"]
[LiveChessVersion "1.4.8"]

1. e4 {[%clk 0:20:15]} c5 {[%clk 0:18:02]} 2. Nf3 {[%clk 0:20:11]} Nc6
{[%clk 0:18:09]} 3. Nc3 {[%clk 0:20:18]} d6 {[%clk 0:18:15]} 4. Bc4
{[%clk 0:20:03]} e6 {[%clk 0:18:20]} 5. d3 {[%clk 0:19:39]} Nf6 {[%clk 0:18:20]}
6. Bg5 {[%clk 0:19:40]} Be7 {[%clk 0:18:25]} 7. Qd2 {[%clk 0:19:24]} Bd7
{[%clk 0:18:29]} 8. Ne2 {[%clk 0:19:09]} O-O {[%clk 0:18:28]} 9. O-O
{[%clk 0:19:08]} a6 {[%clk 0:18:13]} 10. c3 {[%clk 0:18:20]} e5 {[%clk 0:18:13]}
11. Ng3 {[%clk 0:18:04]} b5 {[%clk 0:18:05]} 12. Bxf6 {[%clk 0:17:53]} Bxf6
{[%clk 0:18:08]} 13. Bd5 {[%clk 0:18:00]} Ne7 {[%clk 0:17:43]} 14. Bxa8
{[%clk 0:18:01]} Qxa8 {[%clk 0:17:43]} 15. Ng5 {[%clk 0:18:05]} h6
{[%clk 0:17:31]} 16. Nf3 {[%clk 0:18:06]} Ng6 {[%clk 0:17:31]} 17. Nf5
{[%clk 0:18:07]} Bxf5 {[%clk 0:17:36]} 18. exf5 {[%clk 0:18:15]} Nf4
{[%clk 0:17:42]} 19. Rfe1 {[%clk 0:18:10]} Bg5 {[%clk 0:17:23]} 20. Nxg5
{[%clk 0:18:10]} Qxg2# 0-1